000 00468nam a2200157 4500
245 _aAcharya Tulsi: prophet of world peace and non- violence
_cby Sitaram Sharma
100 _aSharma, S.
260 _aIndia
_bMangal Deep Publication
_c2004
300 _avi,269p.; 23cm.
020 _a81 7594 1359
082 _a294.4630924
_bSHA
650 _aAcharya tulsi--Biography
650 _aJainism
650 _aJain priests--Biography
650 _aJain saints--Biography
999 _c67135
_d67135